Seçme öyküler / (Record no. 200128922)

MARC details
000 -LEADER
fixed length control field 00931 a2200289 4500
001 - CONTROL NUMBER
control field 200128922
003 - CONTROL NUMBER IDENTIFIER
control field TR-AnTOB
005 - DATE AND TIME OF LATEST TRANSACTION
control field 20250923170537.0
008 - FIXED-LENGTH DATA ELEMENTS--GENERAL INFORMATION
fixed length control field 130625s1997 tu 000 0
040 ## - CATALOGING SOURCE
Original cataloging agency TR-AnTOB
Transcribing agency TR-AnTOB
Language of cataloging eng
Description conventions rda
041 ## - LANGUAGE CODE
Language code of text/sound track or separate title Türkçe
050 14 - LIBRARY OF CONGRESS CALL NUMBER
Classification number PS3523.O46
Item number S4419 1997
090 ## - LOCALLY ASSIGNED LC-TYPE CALL NUMBER (OCLC); LOCAL CALL NUMBER (RLIN)
Classification number (OCLC) (R) ; Classification number, CALL (RLIN) (NR) PS3523.O46
Local cutter number (OCLC) ; Book number/undivided call number, CALL (RLIN) S4419 1997
100 1# - MAIN ENTRY--PERSONAL NAME
Personal name London, Jack,
Dates associated with a name 1876-1916
9 (RLIN) 5301
Relator term author
245 10 - TITLE STATEMENT
Title Seçme öyküler /
Statement of responsibility, etc. Jack London ; çeviri Mehmet Harmancı.
246 14 - VARYING FORM OF TITLE
Title proper/short title Dünya yazarlarından seçme öyküler : Jack London.
264 #1 - PRODUCTION, PUBLICATION, DISTRIBUTION, MANUFACTURE, AND COPYRIGHT NOTICE
Place of production, publication, distribution, manufacture İstanbul :
Name of producer, publisher, distributor, manufacturer Epsilon,
Date of production, publication, distribution, manufacture, or copyright notice 1997.
300 ## - PHYSICAL DESCRIPTION
Extent 102 pages ;
Dimensions 20 cm
336 ## - CONTENT TYPE
Content type term text
Content type code txt
Source rdacontent
337 ## - MEDIA TYPE
Media type term unmediated
Media type code n
Source rdamedia
338 ## - CARRIER TYPE
Carrier type term volume
Carrier type code nc
Source rdacarrier
650 #0 - SUBJECT ADDED ENTRY--TOPICAL TERM
Topical term or geographic name entry element English literature
9 (RLIN) 87913
Topical term or geographic name entry element İngiliz edebiyatı
9 (RLIN) 10498
700 1# - ADDED ENTRY--PERSONAL NAME
Personal name Harmancı, Mehmet,
Dates associated with a name 1932-
Relator term translator
9 (RLIN) 38629
942 ## - ADDED ENTRY ELEMENTS (KOHA)
Koha item type Book
Source of classification or shelving scheme Library of Congress Classification
Holdings
Withdrawn status Lost status Source of classification or shelving scheme Not for loan Collection code Home library Current library Shelving location Date acquired Source of acquisition Inventory number Total Checkouts Total Holds Full call number Barcode Date last seen Date last checked out Copy number Date shelved Koha item type
    Library of Congress Classification Ödünç Verilebilir / Available Genel Koleksiyon Merkez Kütüphane Merkez Kütüphane Genel Koleksiyon / Main Collection 29/03/2013 Bağış / Donation İDE 2   PS3523.O46 S4419 1997 0041049 14/04/2023 06/04/2023 1 29/03/2013 Book
Devinim Yazılım Eğitim Danışmanlık tarafından Koha'nın orjinal sürümü uyarlanarak geliştirilip kurulmuştur.